[Event "NZL-ch op rapid"]
[Site "Palmerston North"]
[Date "2018.01.10"]
[Round "4"]
[White "Savige, Colin"]
[Black "James, Jack"]
[Result "0-1"]
[WhiteElo "1964"]
[BlackElo "2055"]
[PlyCount "188"]
[EventDate "2018.01.10"]
[EventType "swiss (rapid)"]
[EventRounds "9"]
[EventCountry "NZL"]
[SourceTitle "EXT 2019"]
[Source "ChessBase"]
[SourceDate "2018.10.10"]
[SourceVersion "1"]
[SourceVersionDate "2018.10.10"]
[SourceQuality "1"]

1. e4 e5 2. Nf3 d6 3. d4 Nf6 4. Nc3 Nbd7 5. Bc4 Be7 6. 0-0 h6 7. a4 c6 8. h3 Qc7 9. Re1 Nf8 10. b3 Ng6 11. Be3 0-0 12. Qd2 Kh7 13. Bd3 Re8 14. Ne2 Bf8 15. dxe5 dxe5 16. Ng3 Be6 17. Qc3 a5 18. Bc5 Bxc5 19. Qxc5 Nd7 20. Qe3 Nf4 21. Bf1 Nf8 22. Rad1 Rad8 23. Rd2 Rxd2 24. Nxd2 Rd8 25. Kh2 g6 26. Ne2 Bc8 27. g3 N4e6 28. Nf3 f6 29. Nc1 Nd4 30. Bd3 Be6 31. Kg2 Qd7 32. Ng1 Kg7 33. h4 h5 34. f3 Qd6 35. Nge2 Nd7 36. Nxd4 exd4 37. Qf4 Ne5 38. Qd2 Qc5 39. Ne2 b6 40. Nf4 Bf7 41. Nh3 Qe7 42. Nf2 Nd7 43. f4 Nc5 44. e5 Bd5+ 45. Kg1 f5 46. Nh3 Ne6 47. Qe2 c5 48. Nf2 Ba8 49. Kh2 Re8 50. Qd2 Qb7 51. Rg1 Rd8 52. Bf1 Nc7 53. Bg2 Nd5 54. Nh3 Qe7 55. Ng5 Bb7 56. Re1 Ba6 57. Bf3 Ne3 58. Kg1 Nd5 59. Kh2 Bc8 60. Qd3 Nc3 61. Qc4 Re8 62. Bc6 Rf8 63. Bf3 Kh6 64. Kh3 Qa7 65. Be2 Ne4 66. Kh2 Qd7 67. Bf3 Nd2 68. Qe2 Nxf3+ 69. Nxf3 Bb7 70. Ng5 Qd5 71. Rg1 Re8 72. Qb5 Qc6 73. Qxc6 Bxc6 74. Re1 Kg7 75. Kg1 Bd5 76. Kf2 Kf8 77. Ke2 Ke7 78. Kd3 Rc8 79. Nh7 Rb8 80. Ng5 Ra8 81. e6 Rd8 82. Re5 Rd6 83. c3 Bxb3 84. cxd4 cxd4 85. Nf3 Bxa4 86. Nxd4 Bb3 87. Kc3 Bxe6 88. Nb5 Rc6+ 89. Kd4 Kd7 90. Nc3 a4 91. Re1 Rd6+ 92. Ke5 Bb3 93. Ne2 Ke7 94. Nd4 Rd5# 0-1

[Event "Australian op"]
[Site "Brisbane"]
[Date "2017.01.03"]
[Round "2"]
[White "Davies, Andrew William"]
[Black "Savige, Colin"]
[Result "1-0"]
[WhiteElo "1986"]
[BlackElo "1560"]
[PlyCount "85"]
[EventDate "2017.01.02"]
[EventType "swiss"]
[EventRounds "11"]
[EventCountry "AUS"]
[SourceTitle "CBM 176 Extra"]
[Source "ChessBase"]
[SourceDate "2017.03.02"]
[SourceVersion "1"]
[SourceVersionDate "2017.03.02"]
[SourceQuality "1"]

1. e4 c5 2. Nf3 d6 3. d4 cxd4 4. Nxd4 a6 5. c4 Nf6 6. Nc3 e6 7. Be2 Be7 8. Be3 Qc7 9. 0-0 0-0 10. Rc1 Nc6 11. f3 e5 12. Nf5 Bxf5 13. exf5 Qd7 14. g4 Rfe8 15. Qd2 Bf8 16. Rfd1 Rac8 17. Qc2 Nb4 18. Qb1 Nc6 19. g5 Nh5 20. Nd5 Nf4 21. Bxf4 exf4 22. Kf2 Qd8 23. h4 Nb4 24. Nxf4 Qb6+ 25. Kg3 d5 26. cxd5 Rcd8 27. Rc4 Bd6 28. Re4 Qc7 29. Qc1 Rxe4 30. fxe4 Qb6 31. a3 Nc2 32. Rd3 Nd4 33. Bf1 Nb5 34. Qe3 Qc7 35. Kg4 Qd7 36. e5 Bb8 37. a4 Nc7 38. d6 Ne8 39. Bg2 g6 40. Be4 Qxa4 41. f6 Qd7+ 42. Kg3 h5 43. gxh6 1-0

[Event "Australian op"]
[Site "Brisbane"]
[Date "2017.01.02"]
[Round "1"]
[White "Renjith, Sravan"]
[Black "Savige, Colin"]
[Result "1/2-1/2"]
[WhiteElo "1612"]
[BlackElo "1986"]
[PlyCount "77"]
[EventDate "2017.01.02"]
[EventType "swiss"]
[EventRounds "11"]
[EventCountry "AUS"]
[SourceTitle "CBM 176 Extra"]
[Source "ChessBase"]
[SourceDate "2017.03.02"]
[SourceVersion "1"]
[SourceVersionDate "2017.03.02"]
[SourceQuality "1"]

1. d4 Nf6 2. Bf4 c5 3. e3 Qb6 4. b3 Nc6 5. Nf3 e6 6. Be2 Be7 7. 0-0 0-0 8. Nbd2 d5 9. dxc5 Bxc5 10. c4 Re8 11. cxd5 exd5 12. Rc1 Ba3 13. Ra1 h6 14. Qc2 Bg4 15. h3 Bh5 16. Nb1 Bg6 17. Qd2 Ne4 18. Qe1 Bb2 19. Nbd2 Bxa1 20. Qxa1 a5 21. Nxe4 dxe4 22. Ne5 Bf5 23. Nc4 Qc5 24. Nd6 Be6 25. Rc1 Qb4 26. Nxe8 Rxe8 27. Bc4 b5 28. Bxe6 Rxe6 29. Qc3 Qa3 30. Qd2 Kh7 31. Rb1 Nb4 32. Qb2 Qxb2 33. Rxb2 Rc6 34. a4 bxa4 35. bxa4 Rc1+ 36. Kh2 Kg6 37. Kg3 Kf5 38. Bd6 Rc4 39. Bxb4 1/2-1/2

[Event "Doeberl Cup 53rd"]
[Site "Canberra"]
[Date "2015.04.02"]
[Round "1"]
[White "Izzat, Kanan Azar"]
[Black "Savige, Colin"]
[Result "1-0"]
[WhiteElo "2434"]
[BlackElo "2027"]
[PlyCount "111"]
[EventDate "2015.04.02"]
[EventType "swiss"]
[EventRounds "9"]
[EventCountry "AUS"]
[SourceTitle "EXT 2018"]
[Source "ChessBase"]
[SourceDate "2017.10.13"]
[SourceVersion "1"]
[SourceVersionDate "2017.10.13"]
[SourceQuality "1"]

1. d4 Nf6 2. c4 e6 3. g3 Bb4+ 4. Bd2 Bxd2+ 5. Qxd2 0-0 6. Bg2 d5 7. Nf3 c6 8. 0-0 Nbd7 9. Qc2 Qe7 10. Nbd2 e5 11. dxe5 Nxe5 12. Nxe5 Qxe5 13. cxd5 Nxd5 14. Nc4 Qh5 15. Rfd1 Be6 16. Nd6 Rab8 17. e4 Nf6 18. Qc3 Rbd8 19. Rd2 Rd7 20. Rad1 h6 21. f3 Qg6 22. b3 h5 23. f4 Rxd6 24. Rxd6 Nxe4 25. Bxe4 Qxe4 26. Qd3 Qb4 27. Qd4 Qa5 28. Rd8 Bd5 29. Rxf8+ Kxf8 30. Rd2 Qa3 31. Rc2 Qe7 32. Qc5 a5 33. Qxe7+ Kxe7 34. Kf2 Kd6 35. Ke3 g6 36. Kd4 Bf3 37. Rc3 Bd5 38. a3 Be6 39. b4 a4 40. Rc5 b5 41. Re5 Bd7 42. Re1 Be6 43. Rd1 Bd5 44. Rd2 Bf3 45. f5 g5 46. Rd3 Bg4 47. Re3 Bxf5 48. Re5 Bg6 49. Rxg5 Kd7 50. Kc5 Kc7 51. Re5 Kd7 52. Re2 f5 53. Rd2+ Ke7 54. Kxc6 Be8+ 55. Kc5 h4 56. Re2+ 1-0

[Event "AUS-ch Reserves"]
[Site "Geelong"]
[Date "2012.01.02"]
[Round "6"]
[White "Penrose, Justin"]
[Black "Savige, Colin"]
[Result "0-1"]
[WhiteElo "2042"]
[BlackElo "2066"]
[PlyCount "101"]
[EventDate "2011.12.27"]
[EventType "swiss"]
[EventRounds "11"]
[EventCountry "AUS"]
[SourceTitle "EXT 2023"]
[Source "ChessBase"]
[SourceDate "2022.10.05"]
[SourceVersion "1"]
[SourceVersionDate "2022.10.05"]
[SourceQuality "1"]

1. e4 c5 2. c3 d5 3. exd5 Qxd5 4. d4 Nf6 5. Nf3 Bg4 6. Be2 e6 7. h3 Bh5 8. 0-0 Be7 9. Be3 cxd4 10. cxd4 Nc6 11. Nc3 Qa5 12. a3 0-0 13. b4 Qd8 14. b5 Na5 15. Qa4 Rc8 16. Rac1 Bxf3 17. gxf3 b6 18. Na2 Nd5 19. Rxc8 Qxc8 20. Bd2 Bd6 21. Nb4 Nc3 22. Bxc3 Qxc3 23. Rd1 Rc8 24. Nc6 Nxc6 25. bxc6 Qxc6 26. Qxc6 Rxc6 27. a4 Rc2 28. Bb5 Kf8 29. Kg2 Ke7 30. Re1 Rd2 31. Re4 f5 32. Rh4 h6 33. Kf1 f4 34. Rg4 g5 35. h4 Kf6 36. hxg5+ hxg5 37. Rg1 Rxd4 38. Ke2 a6 39. Bxa6 Rxa4 40. Rd1 Rxa6 41. Rxd6 Ke7 42. Rd3 b5 43. Rb3 Ra2+ 44. Kf1 Ra5 45. Kg2 Kd6 46. Kh3 Kc5 47. Rb1 b4 48. Re1 b3 49. Kg4 Kb4 50. Rxe6 b2 51. Rb6+ 0-1

[Event "AUS-ch Reserves"]
[Site "Geelong"]
[Date "2011.12.27"]
[Round "1"]
[White "Antoniazzi, Francesco"]
[Black "Savige, Colin"]
[Result "0-1"]
[WhiteElo "1737"]
[BlackElo "2066"]
[PlyCount "52"]
[EventDate "2011.12.27"]
[EventType "swiss"]
[EventRounds "11"]
[EventCountry "AUS"]
[SourceTitle "EXT 2023"]
[Source "ChessBase"]
[SourceDate "2022.10.05"]
[SourceVersion "1"]
[SourceVersionDate "2022.10.05"]
[SourceQuality "1"]

1. d4 Nf6 2. c4 e6 3. Nf3 Bb4+ 4. Bd2 Qe7 5. a3 Bxd2+ 6. Qxd2 Ne4 7. Qc2 f5 8. Nc3 Nxc3 9. Qxc3 d6 10. g3 Nd7 11. Bg2 0-0 12. 0-0 c6 13. b4 Nf6 14. b5 Bd7 15. bxc6 Bxc6 16. c5 Ne4 17. cxd6 Nxc3 18. dxe7 Nxe2+ 19. Kh1 Rfe8 20. Rfe1 Bxf3 21. Bxf3 Nxd4 22. Bxb7 Rab8 23. Ba6 Nc2 24. Rab1 Nxe1 25. Rxb8 Rxb8 26. Bb5 Kf7 0-1

[Event "Begonia op 45th"]
[Site "Ballarat"]
[Date "2011.03.12"]
[Round "3"]
[White "Dragicevic, Domagoj"]
[Black "Savige, Colin"]
[Result "1/2-1/2"]
[WhiteElo "2174"]
[BlackElo "1968"]
[PlyCount "103"]
[EventDate "2011.03.12"]
[EventType "swiss"]
[EventRounds "7"]
[EventCountry "AUS"]
[SourceTitle "EXT 2013"]
[Source "ChessBase"]
[SourceDate "2012.11.22"]
[SourceVersion "1"]
[SourceVersionDate "2012.11.22"]
[SourceQuality "1"]

1. e4 e5 2. f4 exf4 3. Bc4 d6 4. Nf3 h6 5. d4 Nf6 6. e5 Nh5 7. 0-0 g5 8. exd6 Bxd6 9. Bxf7+ Kxf7 10. Ne5+ Bxe5 11. Qxh5+ Kg7 12. dxe5 Qe8 13. Qf3 Rf8 14. Bd2 Qc6 15. Qa3 Be6 16. Bc3 Nd7 17. Nd2 Rf7 18. Nf3 Qc5+ 19. Qxc5 Nxc5 20. Bb4 Nd7 21. Rad1 Re8 22. Rfe1 Kg6 23. Bc3 Bg4 24. e6 Bxe6 25. Rxd7 Bxd7 26. Rxe8 Bxe8 27. Ne5+ Kf5 28. Nxf7 Bxf7 29. a3 h5 30. Kf2 Ke4 31. Bf6 g4 32. a4 Ba2 33. a5 c5 34. Be7 c4 35. Bc5 a6 36. c3 Bb1 37. Be7 Ke5 38. Bd8 Be4 39. Bc7+ Kf5 40. Bd8 Bc6 41. Be7 Ke4 42. Bg5 Kf5 43. Be7 f3 44. gxf3 gxf3 45. h4 Ke4 46. Bc5 Kd3 47. Bb4 Kc2 48. Ba3 Kb3 49. Ke3 Ka4 50. Bb4 Kb5 51. Kf2 Ka4 52. Ke3 1/2-1/2

[Event "Begonia op 45th"]
[Site "Ballarat"]
[Date "2011.03.12"]
[Round "2"]
[White "Stojic, Dusan"]
[Black "Savige, Colin"]
[Result "0-1"]
[WhiteElo "2255"]
[BlackElo "1968"]
[PlyCount "100"]
[EventDate "2011.03.12"]
[EventType "swiss"]
[EventRounds "7"]
[EventCountry "AUS"]
[SourceTitle "EXT 2013"]
[Source "ChessBase"]
[SourceDate "2012.11.22"]
[SourceVersion "1"]
[SourceVersionDate "2012.11.22"]
[SourceQuality "1"]

1. e4 e5 2. Nf3 Nc6 3. Bb5 a6 4. Ba4 Nf6 5. 0-0 b5 6. Bb3 Be7 7. Re1 0-0 8. h3 d6 9. c3 Na5 10. Bc2 c5 11. d4 Qc7 12. Nbd2 cxd4 13. cxd4 Bd7 14. Nf1 Rfc8 15. Bd3 Nc6 16. Be3 g6 17. Rc1 Qb7 18. Bb1 exd4 19. Nxd4 Ne5 20. b3 Rxc1 21. Bxc1 Rd8 22. Bb2 Nh5 23. Nf5 Bf6 24. N1e3 Bc6 25. Nd5 Bxd5 26. exd5 Nf4 27. Ne3 Qd7 28. Bd4 Bg7 29. Ng4 Nxd5 30. Qd2 Nxg4 31. hxg4 Bxd4 32. Qxd4 Nc7 33. Qb6 Ra8 34. Rd1 d5 35. f3 Rd8 36. Rc1 Ne6 37. Qxa6 d4 38. Bd3 Nf4 39. Qxb5 Qe7 40. Rd1 Qe3+ 41. Kf1 Re8 42. Be4 Rc8 43. g3 Rc2 44. Qe8+ Kg7 45. Qe5+ f6 46. Qe7+ Kh6 47. Qf8+ Kg5 48. gxf4+ Kh4 49. Bxc2 Kg3 50. Rd2 Qxd2 0-1

[Event "Doeberl Cup Major 48th"]
[Site "Canberra"]
[Date "2010.04.03"]
[Round "4"]
[White "Savige, Colin"]
[Black "Wijesuriya, G Vineetha"]
[Result "1/2-1/2"]
[WhiteElo "1931"]
[BlackElo "1717"]
[PlyCount "80"]
[EventDate "2010.04.02"]
[EventType "swiss"]
[EventRounds "7"]
[EventCountry "AUS"]
[SourceTitle "EXT 2012"]
[Source "ChessBase"]
[SourceDate "2011.11.24"]
[SourceVersion "1"]
[SourceVersionDate "2011.11.24"]
[SourceQuality "1"]

1. e4 e6 2. d4 d5 3. Nc3 dxe4 4. Nxe4 Nd7 5. Nf3 Ngf6 6. Nxf6+ Nxf6 7. Bg5 Be7 8. Bd3 Bd7 9. 0-0 Nd5 10. Bxe7 Qxe7 11. c4 Nf4 12. Re1 0-0 13. Bc2 Rad8 14. Qd2 Qf6 15. Qa5 Bc6 16. Be4 Bxe4 17. Rxe4 Nxg2 18. Kxg2 Qg6+ 19. Ng5 h6 20. Rae1 Qxg5+ 21. Qxg5 hxg5 22. Rg4 a6 23. Re5 f5 24. Rxg5 Rxd4 25. Rxe6 Rxc4 26. Re7 Rf7 27. Rxf7 Kxf7 28. Rxf5+ Ke6 29. Rg5 Kf6 30. Ra5 Rc2 31. b4 Rb2 32. a3 Rb3 33. h4 c6 34. f3 Rd3 35. Kg3 g6 36. Kg4 Rd5 37. Rc5 Rd3 38. Ra5 Rd5 39. Rc5 Rd3 40. Ra5 Rd5 1/2-1/2

[Event "Doeberl Cup Major 47th"]
[Site "Canberra"]
[Date "2009.04.10"]
[Round "2"]
[White "Ng, Isaac"]
[Black "Savige, Colin"]
[Result "1/2-1/2"]
[WhiteElo "1626"]
[BlackElo "1999"]
[PlyCount "113"]
[EventDate "2009.04.10"]
[EventType "swiss"]
[EventRounds "6"]
[EventCountry "AUS"]
[SourceTitle "CBM 129 Extra"]
[Source "ChessBase"]
[SourceDate "2009.05.05"]
[SourceVersion "2"]
[SourceVersionDate "2009.05.20"]
[SourceQuality "1"]

1. d4 Nf6 2. c4 g6 3. Nc3 Bg7 4. e4 d6 5. Be2 0-0 6. Bg5 h6 7. Be3 e5 8. d5 Na6 9. Qd2 Kh7 10. f3 Ng8 11. g4 f5 12. gxf5 gxf5 13. 0-0-0 Bf6 14. exf5 Bxf5 15. Bd3 Qd7 16. Nge2 Nc5 17. Bc2 a5 18. Rhg1 Bg7 19. Ng3 Bxc2 20. Qxc2+ Kh8 21. Nh5 Rf7 22. Qg6 Raf8 23. Rg2 Ne7 24. Qc2 Qh3 25. Nxg7 Rxg7 26. Rxg7 Kxg7 27. Rg1+ Kh8 28. Bxc5 dxc5 29. Qe2 Qf5 30. Rg4 Ng6 31. Ne4 Nf4 32. Qe3 b6 33. Ng3 Qf6 34. Ne4 Qf5 35. Ng3 Qf6 36. Ne4 Qe7 37. Ng3 b5 38. Nh5 Qd6 39. Nxf4 Rxf4 40. Rxf4 exf4 41. Qe8+ Kg7 42. Qxb5 Qe7 43. Qxa5 Qe3+ 44. Qd2 Qg1+ 45. Kc2 Qg6+ 46. Qd3 Qg2+ 47. Kb3 Qxh2 48. Qf5 Qd2 49. Qe5+ Kg6 50. Qe8+ Kg5 51. Qe7+ Kg6 52. Qe6+ Kg5 53. Qg8+ Kf6 54. Qf8+ Kg6 55. Qg8+ Kf6 56. Qd8+ Kg6 57. Qg8+ 1/2-1/2

[Event "AUS-ch reserves"]
[Site "Melbourne"]
[Date "2002.01.05"]
[Round "8"]
[White "Szuveges, Narelle"]
[Black "Savige, Colin"]
[Result "1/2-1/2"]
[WhiteElo "1779"]
[BlackElo "2094"]
[PlyCount "92"]
[EventDate "2001.12.28"]
[EventType "swiss"]
[EventRounds "11"]
[EventCountry "AUS"]
[SourceTitle "EXT 2003"]
[Source "ChessBase"]
[SourceDate "2002.11.25"]
[SourceVersion "1"]
[SourceVersionDate "2002.11.25"]
[SourceQuality "1"]

1. d4 Nf6 2. c4 g6 3. Nc3 Bg7 4. e4 d6 5. Nf3 0-0 6. Be2 e5 7. 0-0 exd4 8. Nxd4 Re8 9. f3 c6 10. Bg5 Qb6 11. Na4 Qa5 12. Bd2 Qc7 13. Bc3 a6 14. c5 dxc5 15. Nxc5 b6 16. Ncb3 Nbd7 17. Qd2 Bb7 18. Rfd1 Rad8 19. Qe1 Nh5 20. Qf1 c5 21. Nc2 Bxc3 22. bxc3 b5 23. a4 Qe5 24. axb5 Qxc3 25. Na5 Ba8 26. Ne1 Ne5 27. Nd3 Nxd3 28. Bxd3 Nf4 29. Bc4 Rxd1 30. Qxd1 axb5 31. Bxb5 Qb2 32. Bf1 Ne6 33. Nc4 Qf6 34. Ra7 Bc6 35. Qd6 Bb5 36. Qe5 Qxe5 37. Nxe5 Bxf1 38. Kxf1 Rc8 39. Nxf7 c4 40. Ne5 c3 41. Nd3 Rd8 42. Ke2 Nd4+ 43. Ke3 Nc2+ 44. Ke2 Nd4+ 45. Ke3 Nc2+ 46. Ke2 Nd4+ 1/2-1/2